| 000 | 00802nam a2200229 a 4500 | ||
|---|---|---|---|
| 001 | 000012504 | ||
| 005 | 20250204073951.0 | ||
| 008 | 091113s2000 dr 001 j spa d | ||
| 020 | _a9993432016 | ||
| 040 |
_aDO-SdBNP _bspa _cBNPHU |
||
| 082 |
_aRD863.44 _bH731a |
||
| 100 | 1 |
_aHolguín Veras, Miguel A., _d1927-2007 _913921 |
|
| 245 | 1 | 0 |
_aAl pie de la escalera / _cMiguel Holguín Veras ; prólogo Mariano Lebrón Saviñón. |
| 246 | 1 | 4 |
_aAl pie de la escalera : _bcuentos y relatos |
| 260 |
_aSanto Domingo : _bCole, _c2000. |
||
| 300 |
_a136 p. ; _c21 cm. |
||
| 500 | _aIncluye datos biográficos del autor en la contracubierta. | ||
| 650 | 0 |
_aCuentos dominicanos _9176 |
|
| 650 | 0 |
_aLiteratura dominicana. _967 |
|
| 700 | 1 |
_aLebrón Saviñon, Mariano _d1922-2014 _epról. _97227 |
|
| 049 | _aBNPD | ||
| 999 |
_c12159 _d12159 |
||